Opiniones acerca del matrimonio y del celibato / (Record no. 89208)
[ view plain ]
| 000 -LEADER | |
|---|---|
| campo de control de longitud fija | 00739nam a2200217 i 4500 |
| 001 - NÚMERO DE CONTROL | |
| campo de control | 89208 |
| 003 - IDENTIFICADOR DE NÚMERO DE CONTROL | |
| campo de control | ES-MaACL |
| 005 - FECHA Y HORA DE LA ÚLTIMA TRANSACCIÓN | |
| campo de control | 20250815013650.0 |
| 007 - CAMPO FIJO DE DESCRIPCIÓN FÍSICA--INFORMACIÓN GENERAL | |
| campo de control de longitud fija | t| |
| 008 - DATOS DE LONGITUD FIJA--INFORMACIÓN GENERAL | |
| campo de control de longitud fija | 050105s1910 sp |||| | spa d |
| 100 1# - ENTRADA PRINCIPAL--NOMBRE DE PERSONA | |
| Nombre de persona | Larcher, Louis-Julien ( |
| Fechas asociadas al nombre | 1809-1865) |
| 9 (RLIN) | 157153 |
| 245 10 - MENCIÓN DEL TÍTULO | |
| Título | Opiniones acerca del matrimonio y del celibato / |
| Mención de responsabilidad, etc. | recogidas por Larcher y P. J. Jullien ; traducción por Luis de Terán. |
| 260 ## - PUBLICACIÓN, DISTRIBUCIÓN, ETC. | |
| Lugar de publicación, distribución, etc. | Madrid : |
| Nombre del editor, distribuidor, etc. | [s.n., |
| Fecha de publicación, distribución, etc. | 1910] ( |
| Fabricante | Imp. de Gabriel L. del Horno) |
| 300 ## - DESCRIPCIÓN FÍSICA | |
| Extensión | 283 p. ; |
| Dimensiones | 23 cm. |
| 650 07 - PUNTO DE ACCESO ADICIONAL DE MATERIA--TÉRMINO DE MATERIA | |
| Término de materia o nombre geográfico como elemento de entrada | Matrimonio |
| Fuente del encabezamiento o término | embne |
| 9 (RLIN) | 14855 |
| 650 04 - PUNTO DE ACCESO ADICIONAL DE MATERIA--TÉRMINO DE MATERIA | |
| Término de materia o nombre geográfico como elemento de entrada | Celibato. |
| 9 (RLIN) | 10868 |
| 700 1# - ENTRADA AGREGADA--NOMBRE PERSONAL | |
| Nombre de persona | Jullien, P. J. |
| 9 (RLIN) | 157154 |
| 700 1# - ENTRADA AGREGADA--NOMBRE PERSONAL | |
| Nombre de persona | Terán, Luis de, |
| Fechas asociadas al nombre | 1864-1935 |
| 9 (RLIN) | 109725 |
| 852 ## - LOCALIZACIÓN | |
| Ubicación | ES-MaACL |
| Número de control de estantería | F-14985 |
| Estatus retirado | Estado de pérdida | Estado de daño | No para préstamo | Biblioteca de origen | Biblioteca actual | Ubicación en estantería | Fecha de adquisición | Fuente de adquisición | Total de préstamos | Signatura topográfica completa | Código de barras | Visto por última vez | Precio de reemplazo | Tipo de ítem Koha |
|---|---|---|---|---|---|---|---|---|---|---|---|---|---|---|
| Biblioteca del Ateneo de Madrid | Biblioteca del Ateneo de Madrid | Sala Pecera Planta 2 | 17/01/2008 | F-14985 | 1093167 | 23/02/2023 | 23/02/2023 | Libro impreso |
